Statistics for Associated Press Female Athlete of the Year

Click here to take the quiz!

General Stats

  • This quiz has been taken 97 times
    (88 since last reset)
  • The average score is 19 of 82

Answer Stats

YearCountrySportAnswer% Correct
2009USATennisSerena Williams
88%
2002USATennisSerena Williams
88%
1973USATennisBillie Jean King
62%
1967USATennisBillie Jean King
62%
1989West GermanyTennisSteffi Graf
60%
2010USASkiingLindsey Vonn
59%
1974USATennisChris Evert
56%
1975USATennisChris Evert
56%
1977USATennisChris Evert
56%
1980USATennisChris Evert
56%
1983USATennisMartina Navratilova
54%
1986USATennisMartina Navratilova
54%
1988USATrack and FieldFlorence Griffith Joyner
51%
1987USATrack and FieldJackie Joyner-Kersee
49%
1997SwitzerlandTennisMartina Hingis
49%
1992YugoslaviaTennisMonica Seles
46%
1991YugoslaviaTennisMonica Seles
46%
2003SwedenGolfAnnika Sorenstam
41%
2004SwedenGolfAnnika Sorenstam
41%
2005SwedenGolfAnnika Sorenstam
41%
2000USATrack and FieldMarion Jones
40%
1984USAGymnasticsMary Lou Retton
40%
1976RomaniaGymnasticsNadia Comaneci
32%
1932USATrack and FieldBabe Didrikson
31%
1947USAGolfBabe Didrikson Zaharias
31%
1946USAGolfBabe Didrikson Zaharias
31%
1950USAGolfBabe Didrikson Zaharias
31%
1954USAGolfBabe Didrikson Zaharias
31%
1945USAGolfBabe Didrikson Zaharias
31%
1972Soviet UnionGymnasticsOlga Korbut
27%
2001USATennisJennifer Capriati
25%
1961USATrack and FieldWilma Rudolph
25%
1960USATrack and FieldWilma Rudolph
25%
2011USASoccerAbby Wambach
23%
1994USASpeed SkatingBonnie Blair
23%
1971AustraliaTennisEvonne Goolagong
23%
1985USAGolfNancy Lopez
22%
1978USAGolfNancy Lopez
22%
2006MexicoGolfLorena Ochoa
21%
2007MexicoGolfLorena Ochoa
21%
1993USACollege BasketballSheryl Swoopes
20%
1979USATennisTracy Austin
20%
1981USATennisTracy Austin
20%
1995USACollege BasketballRebecca Lobo
19%
1968USAFigure SkatingPeggy Fleming
17%
2008USAWNBACandace Parker
15%
1998South KoreaGolfSe Ri Pak
14%
1982USATrack and FieldMary Decker
10%
1951USATennisMaureen Connolly
9%
1952USATennisMaureen Connolly
9%
1953USATennisMaureen Connolly
9%
1957USATennisAlthea Gibson
7%
1958USATennisAlthea Gibson
7%
1966USAGolfKathy Whitworth
7%
1965USAGolfKathy Whitworth
7%
1962AustraliaSwimmingDawn Fraser
6%
1948NetherlandsTrack and FieldFanny Blankers-Koen
6%
1964USAGolfMickey Wright
6%
1963USAGolfMickey Wright
6%
1940USATennisAlice Marble
4%
1939USATennisAlice Marble
4%
1990USAGolfBeth Daniel
4%
2012USAGymnasticsGabby Douglas
4%
1935USATennisHelen Willis Moody
4%
1959BrazilTennisMaria Bueno
4%
1943USAGolfPatty Berg
4%
1955USAGolfPatty Berg
4%
1938USAGolfPatty Berg
4%
1996USASwimmingAmy Van Dyken
2%
1969USASwimmingDebbie Meyer
2%
1936USATrack and FieldHelen Stephens
2%
1944USASwimmingAnn Curtis
1%
1941USAGolfBetty Hicks Newell
1%
1970TaiwanTrack and FieldChi Cheng
1%
1942USASwimmingGloria Callen
1%
1931USASwimmingHelene Madison
1%
1933USATennisHelen Jacobs
1%
1937USASwimmingKatherine Rawls
1%
1949USAGolfMarlene Bauer
1%
1956USADivingPat McCormick
1%
1934USAGolfVirginia Van Wie
1%
1999USASoccerU.S. Women's Soccer Team
0%

Score Distribution

Percentile by Number Answered

Percent of People with Each Score

Your Score History

You have not taken this quiz since the last reset